Colonias del Mundo por Descripción - Estadísticas

Estadísticas generales
  • Esta prueba ha sido intentada 103 veces
  • La puntuación promedio es 9 de 17
Estadísticas de respuestas
Descripción Colonia % Correcto
Colonia en el Mar de los Sargazos, en el Atlántico Norte conocida por un "triángulo" con su mismo nombre Bermudas
93%
Islas al Sur de América frente a las costas de Argentina, reclamadas por Argentina pero consideradas por la ONU como colonia del Reino Unido Islas Malvinas
90%
Colonia que según la ONU pertenece a España pero que reclama Marruecos y la Republica Saharaui Democrática Sahara Occidental
82%
Territorio ubicado al sur de la Península Ibérica que según la ONU pertenece a Reino Unido pero que es reclamado por España Gibraltar
70%
Islas británicas en el Mar Caribe al sur de Cuba conocidas por ser un paraíso fiscal Islas Caimán
60%
Grupo de islas en Oceanía que pertenecen a Francia, conocidas también como Tahití Polinesia Francesa
50%
Islas británicas con casi el mismo nombre y ubicación de la colonia anterior Islas Vírgenes Británicas
49%
Islas estadounidenses al este de Puerto Rico Islas Vírgenes Estadounidenses
49%
Islas estadounidenses cercanas a Samoa con un águila en su bandera a pesar de que en esta no viven águilas Samoa Americana
49%
Grupo de islas en el Atlántico Sur dónde se encuentra el lugar poblado más lejano de cualquier otra localidad/ciudad y dónde vivió sus últimos años de vida Napoleón Bonaparte Santa Elena, Ascensión y Tristán de Acuña
45%
Colonia británica en el Caribe que tiene tres delfines amarillos en su escudo y con el nombre de un animal acuático Anguila
38%
Isla estadounidense en Oceanía conocida por ser la isla más grande de la Micronesia Guam
37%
Única colonia neozelandesa, colonia que hasta 1948 pertenecía al Reino Unido Tokelau
35%
Islas británicas en la Polinesia que poseen el 100% de su población en su capital, Admastown Islas Pitcairn
34%
Territorio francés que es junto a Nueva Zelanda el único territorio en el continente de "Zelandia" Nueva Caledonia
34%
Colonia británica al sureste de las Bahamas Islas Turcas y Caicos
32%
Isla británica en las Islas de Barlovento conocida por tener el volcán más activo del Caribe Montserrat
30%
No se encontraron pruebas coincidentes
Distribución de puntuación
Porcentaje de gente con cada puntuación
Porcentaje por número respondido
Historial de tus puntuaciones
No has intentado esta prueba.